The ENCYLOPEDIA Americana: complete in thirty volumes

Guardat en:
Dades bibliogràfiques
Format: Llibre
Idioma:anglès
Publicat: Americana Corporation 1952
Etiquetes: Afegir etiqueta
Sense etiquetes, Sigues el primer a etiquetar aquest registre!

MARC

LEADER 00000nam a22000007a 4500
008 201218b ||||| |||| 00| 0 eng d
245 |a The ENCYLOPEDIA Americana:   |b complete in thirty volumes  |c Americana Corporation  |g 806p.; ill. 
250 |c Americana Corporation 
260 |b Americana Corporation  |c 1952  |i 694105 – vol. 8  |i 694289 – vol. 18  |i 694302 – vol. 15   |i 694190 – vol. 29  |i 694299 – vol. 6  |i , 694305 – vol. 25  |i 694194 – vol. 24  |i 694300 – vol. 5  |i 694452 – vol. 22  |i 694208 – vol. 16  |i 694301 – vol.7  |i 694453 – vol. 11  |l AE5 .En1  |m Encyclopedias and dictionaries. 
942 |a lcc  |c BK  |e Adeniran, F. A  |f 18/12/2020 
952 |0 0  |1 0  |2 lcc  |4 0  |6 AE0005 E N1  |7 0  |9 912  |a HOL  |b RF  |c AF  |d 2020-12-18  |l 0  |o AE5 .En1  |p 2020-230139  |r 2020-12-18 00:00:00  |w 2020-12-18  |y BK 
952 |0 0  |1 0  |2 lcc  |4 0  |6 AE0005 E N1  |7 0  |9 913  |a HOL  |b RF  |c AF  |d 2020-12-18  |l 0  |o AE5 .En1  |p 2020-230140  |r 2020-12-18 00:00:00  |w 2020-12-18  |y BK 
952 |0 0  |1 0  |2 lcc  |4 0  |6 AE0005 E N1  |7 0  |9 914  |a HOL  |b RF  |c AF  |d 2020-12-18  |l 0  |o AE5 .En1  |p 2020-230141  |r 2020-12-18 00:00:00  |w 2020-12-18  |y BK 
952 |0 0  |1 0  |2 lcc  |4 0  |6 AE0005 E N1  |7 0  |9 915  |a HOL  |b RF  |c AF  |d 2020-12-18  |l 0  |o AE5 .En1  |p 2020-230142  |r 2020-12-18 00:00:00  |w 2020-12-18  |y BK 
952 |0 0  |1 0  |2 lcc  |4 0  |6 AE0005 E N1  |7 0  |9 916  |a HOL  |b RF  |c AF  |d 2020-12-18  |l 0  |o AE5 .En1  |p 2020-230143  |r 2020-12-18 00:00:00  |w 2020-12-18  |y BK 
952 |0 0  |1 0  |2 lcc  |4 0  |6 AE0005 E N1  |7 0  |9 917  |a HOL  |b RF  |c AF  |d 2020-12-18  |l 0  |o AE5 .En1  |p 2020-230144  |r 2020-12-18 00:00:00  |w 2020-12-18  |y BK 
952 |0 0  |1 0  |2 lcc  |4 0  |6 AE0005 E N1  |7 0  |9 918  |a HOL  |b RF  |c AF  |d 2020-12-18  |l 0  |o AE5 .En1  |p 2020-230145  |r 2020-12-18 00:00:00  |w 2020-12-18  |y BK 
952 |0 0  |1 0  |2 lcc  |4 0  |6 AE0005 E N1  |7 0  |9 919  |a HOL  |b RF  |c AF  |d 2020-12-18  |l 0  |o AE5 .En1  |p 2020-230146  |r 2020-12-18 00:00:00  |w 2020-12-18  |y BK 
952 |0 0  |1 0  |2 lcc  |4 0  |6 AE0005 E N1  |7 0  |9 920  |a HOL  |b RF  |c AF  |d 2020-12-18  |l 0  |o AE5 .En1  |p 2020-230147  |r 2020-12-18 00:00:00  |w 2020-12-18  |y BK 
952 |0 0  |1 0  |2 lcc  |4 0  |6 AE0005 E N1  |7 0  |9 921  |a HOL  |b RF  |c AF  |d 2020-12-18  |l 0  |o AE5 .En1  |p 2020-230148  |r 2020-12-18 00:00:00  |w 2020-12-18  |y BK 
952 |0 0  |1 0  |2 lcc  |4 0  |6 AE0005 E N1  |7 0  |9 922  |a HOL  |b RF  |c AF  |d 2020-12-18  |l 0  |o AE5 .En1  |p 2020-230149  |r 2020-12-18 00:00:00  |w 2020-12-18  |y BK 
952 |0 0  |1 0  |2 lcc  |4 0  |6 AE0005 E N1  |7 0  |9 923  |a HOL  |b RF  |c AF  |d 2020-12-18  |l 0  |o AE5 .En1  |p 2020-230150  |r 2020-12-18 00:00:00  |w 2020-12-18  |y BK 
952 |0 0  |1 0  |2 lcc  |4 0  |6 AE0005 E N1  |7 0  |9 924  |a HOL  |b RF  |c AF  |d 2020-12-18  |l 0  |o AE5 .En1  |p 2020-230151  |r 2020-12-18 00:00:00  |w 2020-12-18  |y BK 
952 |0 0  |1 0  |2 lcc  |4 0  |6 AE0005 E N1  |7 0  |9 925  |a HOL  |b RF  |c AF  |d 2020-12-18  |l 0  |o AE5 .En1  |p 2020-230152  |r 2020-12-18 00:00:00  |w 2020-12-18  |y BK 
952 |0 0  |1 0  |2 lcc  |4 0  |6 AE0005 E N1  |7 0  |9 926  |a HOL  |b RF  |c AF  |d 2020-12-18  |l 0  |o AE5 .En1  |p 2020-230153  |r 2020-12-18 00:00:00  |w 2020-12-18  |y BK 
952 |0 0  |1 0  |2 lcc  |4 0  |6 AE0005 E N1  |7 0  |9 927  |a HOL  |b RF  |c AF  |d 2020-12-18  |l 0  |o AE5 .En1  |p 2020-230154  |r 2020-12-18 00:00:00  |w 2020-12-18  |y BK 
952 |0 0  |1 0  |2 lcc  |4 0  |6 AE0005 E N1  |7 0  |9 928  |a HOL  |b RF  |c AF  |d 2020-12-18  |l 0  |o AE5 .En1  |p 2020-230155  |r 2020-12-18 00:00:00  |w 2020-12-18  |y BK 
952 |0 0  |1 0  |2 lcc  |4 0  |6 AE0005 E N1  |7 0  |9 929  |a HOL  |b RF  |c AF  |d 2020-12-18  |l 0  |o AE5 .En1  |p 2020-230156  |r 2020-12-18 00:00:00  |w 2020-12-18  |y BK 
952 |0 0  |1 0  |2 lcc  |4 0  |6 AE0005 E N1  |7 0  |9 930  |a HOL  |b RF  |c AF  |d 2020-12-18  |l 0  |o AE5 .En1  |p 2020-230157  |r 2020-12-18 00:00:00  |w 2020-12-18  |y BK 
952 |0 0  |1 0  |2 lcc  |4 0  |6 AE0005 E N1  |7 0  |9 931  |a HOL  |b RF  |c AF  |d 2020-12-18  |l 0  |o AE5 .En1  |p 2020-230158  |r 2020-12-18 00:00:00  |w 2020-12-18  |y BK 
952 |0 0  |1 0  |2 lcc  |4 0  |6 AE0005 E N1  |7 0  |9 932  |a HOL  |b RF  |c AF  |d 2020-12-18  |l 0  |o AE5 .En1  |p 2020-230159  |r 2020-12-18 00:00:00  |w 2020-12-18  |y BK 
952 |0 0  |1 0  |2 lcc  |4 0  |6 AE0005 E N1  |7 0  |9 933  |a HOL  |b RF  |c AF  |d 2020-12-18  |l 0  |o AE5 .En1  |p 2020-230160  |r 2020-12-18 00:00:00  |w 2020-12-18  |y BK 
952 |0 0  |1 0  |2 lcc  |4 0  |6 AE0005 E N1  |7 0  |9 934  |a HOL  |b RF  |c AF  |d 2020-12-18  |l 0  |o AE5 .En1  |p 2020-230161  |r 2020-12-18 00:00:00  |w 2020-12-18  |y BK 
952 |0 0  |1 0  |2 lcc  |4 0  |6 AE0005 E N1  |7 0  |9 935  |a HOL  |b RF  |c AF  |d 2020-12-18  |l 0  |o AE5 .En1  |p 2020-230162  |r 2020-12-18 00:00:00  |w 2020-12-18  |y BK 
952 |0 0  |1 0  |2 lcc  |4 0  |6 AE0005 E N1  |7 0  |9 936  |a HOL  |b RF  |c AF  |d 2020-12-18  |l 0  |o AE5 .En1  |p 2020-230163  |r 2020-12-18 00:00:00  |w 2020-12-18  |y BK 
952 |0 0  |1 0  |2 lcc  |4 0  |6 AE0005 E N1  |7 0  |9 937  |a HOL  |b RF  |c AF  |d 2020-12-18  |l 0  |o AE5 .En1  |p 2020-230164  |r 2020-12-18 00:00:00  |w 2020-12-18  |y BK 
952 |0 0  |1 0  |2 lcc  |4 0  |6 AE0005 E N1  |7 0  |9 938  |a HOL  |b RF  |c AF  |d 2020-12-18  |l 0  |o AE5 .En1  |p 2020-230165  |r 2020-12-18 00:00:00  |w 2020-12-18  |y BK 
952 |0 0  |1 0  |2 lcc  |4 0  |6 AE0005 E N1  |7 0  |9 939  |a HOL  |b RF  |c AF  |d 2020-12-18  |l 0  |o AE5 .En1  |p 2020-230166  |r 2020-12-18 00:00:00  |w 2020-12-18  |y BK 
952 |0 0  |1 0  |2 lcc  |4 0  |6 AE0005 E N1  |7 0  |9 940  |a HOL  |b RF  |c AF  |d 2020-12-18  |l 0  |o AE5 .En1  |p 2020-230167  |r 2020-12-18 00:00:00  |w 2020-12-18  |y BK 
952 |0 0  |1 0  |2 lcc  |4 0  |6 AE0005 E N1  |7 0  |9 941  |a HOL  |b RF  |c AF  |d 2020-12-18  |l 0  |o AE5 .En1  |p 2020-230168  |r 2020-12-18 00:00:00  |w 2020-12-18  |y BK 
952 |0 0  |1 0  |2 lcc  |4 0  |6 AE0005 E N1  |7 0  |9 943  |a HOL  |b RF  |c AF  |d 2020-12-18  |l 0  |o AE5 .En1  |p 2020-230170  |r 2020-12-18 00:00:00  |w 2020-12-18  |y BK 
952 |0 0  |1 0  |2 lcc  |4 0  |6 AE0005 E N1  |7 0  |9 944  |a HOL  |b RF  |c AF  |d 2020-12-18  |l 0  |o AE5 .En1  |p 2020-230171  |r 2020-12-18 00:00:00  |w 2020-12-18  |y BK 
952 |0 0  |1 0  |2 lcc  |4 0  |6 AE0005 E N1  |7 0  |9 945  |a HOL  |b RF  |c AF  |d 2020-12-18  |l 0  |o AE5 .En1  |p 2020-230172  |r 2020-12-18 00:00:00  |w 2020-12-18  |y BK 
952 |0 0  |1 0  |2 lcc  |4 0  |6 AE0005 E N1  |7 0  |9 946  |a HOL  |b RF  |c AF  |d 2020-12-18  |l 0  |o AE5 .En1  |p 2020-230173  |r 2020-12-18 00:00:00  |w 2020-12-18  |y BK 
952 |0 0  |1 0  |2 lcc  |4 0  |6 AE0005 E N1  |7 0  |9 947  |a HOL  |b RF  |c AF  |d 2020-12-18  |l 0  |o AE5 .En1  |p 2020-230174  |r 2020-12-18 00:00:00  |w 2020-12-18  |y BK 
952 |0 0  |1 0  |2 lcc  |4 0  |6 AE0005 E N1  |7 0  |9 948  |a HOL  |b RF  |c AF  |d 2020-12-18  |l 0  |o AE5 .En1  |p 2020-230175  |r 2020-12-18 00:00:00  |w 2020-12-18  |y BK 
952 |0 0  |1 0  |2 lcc  |4 0  |6 AE0005 E N1  |7 0  |9 949  |a HOL  |b RF  |c AF  |d 2020-12-18  |l 0  |o AE5 .En1  |p 2020-230176  |r 2020-12-18 00:00:00  |w 2020-12-18  |y BK 
952 |0 0  |1 0  |2 lcc  |4 0  |6 AE0005 E N1  |7 0  |9 950  |a HOL  |b RF  |c AF  |d 2020-12-18  |l 0  |o AE5 .En1  |p 2020-230177  |r 2020-12-18 00:00:00  |w 2020-12-18  |y BK 
952 |0 0  |1 0  |2 lcc  |4 0  |6 AE0005 E N1  |7 0  |9 951  |a HOL  |b RF  |c AF  |d 2020-12-18  |l 0  |o AE5 .En1  |p 2020-230178  |r 2020-12-18 00:00:00  |w 2020-12-18  |y BK 
952 |0 0  |1 0  |2 lcc  |4 0  |6 AE0005 E N1  |7 0  |9 952  |a HOL  |b RF  |c AF  |d 2020-12-18  |l 0  |o AE5 .En1  |p 2020-230179  |r 2020-12-18 00:00:00  |w 2020-12-18  |y BK 
952 |0 0  |1 0  |2 lcc  |4 0  |6 AE0005 E N1  |7 0  |9 953  |a HOL  |b RF  |c AF  |d 2020-12-18  |l 0  |o AE5 .En1  |p 2020-230180  |r 2020-12-18 00:00:00  |w 2020-12-18  |y BK 
952 |0 0  |1 0  |2 lcc  |4 0  |6 AE0005 E N1  |7 0  |9 954  |a HOL  |b RF  |c AF  |d 2020-12-18  |l 0  |o AE5 .En1  |p 2020-230181  |r 2020-12-18 00:00:00  |w 2020-12-18  |y BK 
952 |0 0  |1 0  |2 lcc  |4 0  |6 AE0005 E N1  |7 0  |9 955  |a HOL  |b RF  |c AF  |d 2020-12-18  |l 0  |o AE5 .En1  |p 2020-230182  |r 2020-12-18 00:00:00  |w 2020-12-18  |y BK 
952 |0 0  |1 0  |2 lcc  |4 0  |6 AE0005 E N1  |7 0  |9 956  |a HOL  |b RF  |c AF  |d 2020-12-18  |l 0  |o AE5 .En1  |p 2020-230183  |r 2020-12-18 00:00:00  |w 2020-12-18  |y BK 
952 |0 0  |1 0  |2 lcc  |4 0  |6 AE0005 E N1  |7 0  |9 957  |a HOL  |b RF  |c AF  |d 2020-12-18  |l 0  |o AE5 .En1  |p 2020-230184  |r 2020-12-18 00:00:00  |w 2020-12-18  |y BK 
999 |c 489  |d 489